000
00343pab a2200145 454500
008
180718b1987 xxu||||| |||| 00| 0 eng d
100
_a
Oommen, M.A.
245
_a
Relative tax effort of states
260
_c
1987
300
_a
466-70
362
_a
14 Mar.
650
_a
Taxation
773
_a
Economic and Political Weekly
909
_a
18987
999
_c
18987
_d
18987